MESTSKÁ KNIŽNICA GIRALTOVCE  - online katalóg 

Doktor X Intern ; Prekl. Ferdinand Friedman, Draga Christovová ; Ilustr. David Popovič ; Aut. obál. Jozef Pernecký (Record no. 10278)

000 -NÁVESTIE
fixed length control field 00694nam a2200217 a 4500
008 - ÚDAJE S PEVNOU DĹŽKOU – VŠEOBECNÉ INFORMÁCIE
fixed length control field 951031s1971||||xo 0 slo c
020 ## - MEDZINÁRODNÉ ŠTANDARDNÉ ČÍSLO KNIHY (ISBN)
Medzinárodné štandardné číslo knihy (ISBN) 8022102636
Údaje o dostupnosti 35
040 ## - ZDROJ KATALOGIZÁCIE
Pôvodná katalogizujúca agentúra SNK
Jazyk katalogizácie slo
Prepisujúca agentúra SNK
Konvencie popisu AACR2
041 1# - KÓD JAZYKA
Kód jazyka textu/zvukovej stopy alebo samostatných nápisov slo
Kód jazyka originálu a/alebo sprostredkujúcich prekladov textu eng
044 ## - KÓD KRAJINY VYDAVATEĽA/PRODUCENTA
Kód krajiny MARC xo
Kód krajiny ISO SK
080 ## - ČÍSLO MEDZINÁRODNÉHO DESATINNÉHO TRIEDENIA (MDT)
Číslo Medzinárodného desatinného triedenia (MDT) 820 (73)-3
245 10 - NÁZOV
Názov Doktor X Intern ; Prekl. Ferdinand Friedman, Draga Christovová ; Ilustr. David Popovič ; Aut. obál. Jozef Pernecký
260 ## - VYDAVATEĽSKÉ ÚDAJE, DISTRIBÚCIA ATĎ.
Miesto publikovania, distribúcie atď. Bratislava
Názov vydavateľa, distibútora atď. Smena
Dátum publikovania, distribúcie atď. 1971
Miesto výroby Nitra
Výrobca Nitrianske tlačiarne
500 ## - VŠEOBECNÁ POZNÁMKA
Formátovaná poznámka o obsahu Mimo edície
700 1# - PRIDANÝ VSTUP – OSOBNÉ MENO
Osobné meno Friedman, Ferdinand
Kód roly trl
700 1# - PRIDANÝ VSTUP – OSOBNÉ MENO
Osobné meno Christovová, Draga
Kód roly trl
700 1# - PRIDANÝ VSTUP – OSOBNÉ MENO
Osobné meno Popovič, David
Kód roly ill
700 1# - PRIDANÝ VSTUP – OSOBNÉ MENO
Osobné meno Pernecký, Jozef
Kód roly bjd
765 0# - VÄZBA NA PÔVODNÝ JAZYK
Názov Doctor X Intern
958 ## - Formálny deskriptor
Formálny deskriptor AUL
Holdings
Stav stiahnutia (Blokovanie) (Withrawn status) Stav straty Stav poškodenia (Damaged status) Nie pre výpožičky (Not for loan) Spôsob nadobudnutia (Collection code) Trvalé umiestnenie Aktuálne umiestnenie Dátum nadobudnutia Náklady, bežná kúpna cena Inventárne číslo (prírastkové číslo) Full call number Dátum posledného výskytu Cena s účinnosťou od Typ jednotky Koha
        Kúpa Mestská knižnica Giraltovce Mestská knižnica Giraltovce 2019-11-29 35.00 09671 B 3852 2019-11-29 2019-11-29 Krásna literatúra pre dospelých

Powered by Koha